Rainforest / (Record no. 9255)

MARC details
000 -LEADER
fixed length control field 01107nam a22003257a 4500
001 - CONTROL NUMBER
control field 9255
003 - CONTROL NUMBER IDENTIFIER
control field FISKH
005 - DATE AND TIME OF LATEST TRANSACTION
control field 20251205123423.0
008 - FIXED-LENGTH DATA ELEMENTS--GENERAL INFORMATION
fixed length control field 251205b cb ||||| |||| 00| 0 eng d
020 ## - INTERNATIONAL STANDARD BOOK NUMBER
International Standard Book Number 9780545572750
040 ## - CATALOGING SOURCE
Original cataloging agency FISKH
Language of cataloging eng
Transcribing agency FISKH
Modifying agency FISKH
050 ## - LIBRARY OF CONGRESS CALL NUMBER
Classification number QH86.L32
082 ## - DEWEY DECIMAL CLASSIFICATION NUMBER
Classification number 578.734
100 ## - MAIN ENTRY--PERSONAL NAME
Personal name Langley , Andrew
245 ## - TITLE STATEMENT
Title Rainforest /
Statement of responsibility, etc. By Andrew Langley
250 ## - EDITION STATEMENT
Edition statement First Scholastic printing , March 2013
260 ## - PUBLICATION, DISTRIBUTION, ETC.
Place of publication, distribution, etc. New York :
Name of publisher, distributor, etc. Scholastic ,
Date of publication, distribution, etc. 2010.
300 ## - PHYSICAL DESCRIPTION
Extent 48 pages :
Other physical details color illustrations ;
Dimensions 25 cm .
490 ## - SERIES STATEMENT
Series statement Navigators
505 ## - FORMATTED CONTENTS NOTE
Formatted contents note Z <br/>
520 ## - SUMMARY, ETC.
Summary, etc. Presents a heavily illustrated introduction to the rainforests of the world and the plants, animals, resources, and people that are found there, as well as how these valuable areas are threatened by human activity.
521 8# - TARGET AUDIENCE NOTE
Target audience note 990 <br/>
Source Lexile <br/>
521 8# - TARGET AUDIENCE NOTE
Target audience note Z <br/>
Source Raz-Plus <br/>
650 ## - SUBJECT ADDED ENTRY--TOPICAL TERM
Topical term or geographic name entry element Conservation
Form subdivision Non-fiction
650 ## - SUBJECT ADDED ENTRY--TOPICAL TERM
Topical term or geographic name entry element Rainforest
Form subdivision Non-fiction
700 ## - ADDED ENTRY--PERSONAL NAME
Personal name Croucher, Barry
Relator term Illustrator
700 ## - ADDED ENTRY--PERSONAL NAME
Personal name Hanna, Gary
Relator term Illustrator
942 ## - ADDED ENTRY ELEMENTS (KOHA)
Source of classification or shelving scheme Dewey Decimal Classification
Koha item type Books
Suppress in OPAC No
Holdings
Withdrawn status Lost status Source of classification or shelving scheme Damaged status Not for loan Collection Home library Current library Shelving location Date acquired Total Checkouts Full call number Barcode Date last seen Price effective from Koha item type
    Dewey Decimal Classification     Non-Fiction Footprints International School Library Network Toul Tom Poung Campus Footprints International School Library Network Toul Tom Poung Campus TTP Secondary Non-Fiction Bookshelves 12/05/2025   LAN 578.734 QH86.L32 2025-5027 12/05/2025 12/05/2025 Books